Deutsche Fußballer mit 30+ Länderspieltoren - Fußball Sudden Death #8 - Statistiken

Allgemein
  • Dieses Quiz wurde 1.541 mal gespielt
  • Das Durchschnittsergebnis liegt bei 4 aus 12
Answers on the Grid
Answers color-coded by a green-red scale on the quiz's grid according to % correct below.
Andi Möller
Michael Ballack
Mario Gomez
Timo Werner
Basti Schweinsteiger
Lothar Matthäus
Miro Klose
Mesut Özil
Thomas Müller
Mario Götze
Jürgen Klinsmann
Kalle Rummenigge
Toni Kroos
Franz Beckenbauer
Serge Gnabry
Oliver Bierhoff
Gerd Müller
Leroy Sane
Lukas Podolski
Marco Reus
Rudi Völler
Klaus Allofs
Kalle Riedle
Jupp Heynckes
Leon Goretzka
Fritz Walter
Paul Breitner
Torsten Frings
Klaus Fischer
Rainer Bonhof
 
Antwortstatistiken
Antwort % Korrekt
Miro Klose
66%
Thomas Müller
59%
Gerd Müller
48%
Mario Gomez
47%
Lukas Podolski
44%
Rudi Völler
38%
Michael Ballack
35%
Jürgen Klinsmann
32%
Kalle Rummenigge
26%
Klaus Fischer
17%
Oliver Bierhoff
17%
Fritz Walter
16%
Keine übereinstimmenden Quizze gefunden
Verteilung der Resultate
Anzahl Personen mit jedem Resultat
Perzentil nach korrekt beantworteten Fragen
Ihre Resultats-Entwicklung
Sie haben dieses Quiz noch nicht gespielt